00385pab a2200121 454500008004000000100002300040245012200063260000900185300001300194362001100207650002600218773001900244180718b2005 xxu||||| |||| 00| 0 eng d aMiller, Geralyn M. aFostering better public management through education: a call for institutional reconsideration of the tenure criteria c2005 ap.47-50. aSummer aPublic administration aPublic Manager